000 01640nam1a2200361 i 4500
001 RU\NLR\bibl\58656
005 20241213082547.0
010 _a5-7038-1384-0
035 _a(NLR Aleph) 000057206
090 _a309848
_c309848
100 _a19991115g19999999k y0rusy50 ca
101 0 _arus
102 _aRU
105 _aa |||||||||
200 1 _aСледящие приводы
_eВ 3 т.
_f[Е.С. Блейз, А.В. Зимин, Е.С. Иванов и др.]
_gПод ред. д.т.н., проф. Б.К. Чемоданова
205 _a2-е изд., доп. и перераб.
210 _aМ.
_cИзд-во МГТУ
_d1999
215 _d24
313 _aСледящие приводы для различных видов вооружения
463 0 _100156721
463 0 _1001451292
606 0 _aВоенная техника
_xСледящие электроприводы
_92123784
_3RU\NLR\auth\661282130
686 _aЦ561.28
701 1 _aБлейз
_bЕ. С.
_gЕвгений Семенович
_4070
701 1 _aЗимин
_bА. В.
_gАлексей Васильевич
_4070
701 1 _4070
_aИванов
_bЕ. С.
_cканд. техн. наук, мехатроника
_gЕвгений Серафимович
_9149788
_3RU\NLR\AUTH\770149824
702 1 _4340
_7ca
_8rus
_aЧемоданов
_bБ. К.
_cд-р техн. наук
_gБорис Константинович
_9266527
_3RU\NLR\AUTH\770266583
801 0 _aRU
_bNLR
_c19991115
_gPSBO
801 1 _aRU
_bNLR
_c19991115
852 _aNLR
_j99-7/2047
942 _cBOOK